00511nam a22001457a 4500999001500000008004100015020001800056082001900074100003400093245014500127260003200272300002800304650001800332942001500350 c6765d6765200325b ||||| |||| 00| 0 eng d a9976 60 455 6 a338.996 78 GLO aMsambichaka, Lucian A. (Ed).- aGlobalization and Challenges for Development in Tanzania/cEdited by Lucian A. Msambichaka, Natu E. Mwamba, Oswald J. Mashindano.-hEnglish. aDar Es Salaam:bDUP,c2006. aIV, 585P;bill;c23cm.- 2GLOBALIZATION 2ddccBOOKS